000 00770nam a2200229Ii 4500
003 JO-AjNU
008 230605s9999||||xx |||||||||||||| ||und||
017 _a2018/9/4731
020 _a978-9957-687-71-7
040 _aJO-AjNU
_bara
_erda
_cJO-AjNU
041 _aara
050 1 4 _aLB2806.15 2020
100 3 _aالموسوي، نجم عبدالله,
_eauthor
_959906
245 0 0 _aالمناهج الدراسية من التخطيط الى التنفيذ
250 _aط1
264 3 1 _aعمان: دار صفاء للنشر والتوزيع، 2020
300 _a199ص
336 _atext
_btxt
_2rdacontent
337 _aunmediated
_bn
_2rdamedia
338 _avolume
_bnc
_2rdacarrier
650 4 _aالمناهج- تخطيط المناهج- التدريس
_959907
999 _aA26982
_c30550
_d30550